000
00374nam a22001577a 4500
003
MPLRDC
005
20220104113719.0
008
210129b ||||| |||| 00| 0 eng d
082
_a
848.3 NK
100
_a
倪匡著
245
_a
倪匡眼中一百个女名人
_c
260
_a
_b
利文出版社
_c
1986
300
_b
平
650
_a
现代别集
942
_c
BK
_o
848.3 NK
999
_c
1775
_d
1765